000 00255nam a2200097Ia 4500
001 760512
005 20250826165149.0
008 250824s9999 xx 000 0 und d
245 0 _aKABE İLE KONUŞAN ADAM
_cNECMETTİN ŞAHİNLER
260 _bİNSAN YAYINLARI
999 _c760512
_d760512